Central Library OPAC University of Rajshahi

Encyclopedia of Indian philosophies : (Record no. 30876)

MARC details
000 -LEADER
fixed length control field 00795nam a2200253 a 4500
001 - CONTROL NUMBER
control field 30876
003 - CONTROL NUMBER IDENTIFIER
rucl marc code UkOxU
005 - DATE AND TIME OF LATEST TRANSACTION
control field 20211209051628.0
008 - FIXED-LENGTH DATA ELEMENTS--GENERAL INFORMATION
fixed length control field 140412s1983 ii eb 000 0 eng d
035 ## - SYSTEM CONTROL NUMBER
System control number BD-RjUL)30963
040 ## - CATALOGING SOURCE
Original cataloging agency BD-RjUL
Language of cataloging eng
Transcribing agency BD-RjUL
041 ## - LANGUAGE CODE
Language code of text/sound track or separate title eng
082 ## - DEWEY DECIMAL CLASSIFICATION NUMBER
Classification number R 181.4
Author mark and year ENC V-1 1983
245 00 - TITLE STATEMENT
Title Encyclopedia of Indian philosophies :
Number of part/section of a work Vol.1 :
Name of part/section of a work Bibliography /
Statement of responsibility, etc. compiled by Karl H. Potter
250 ## - EDITION STATEMENT
Edition statement 2nd rev. ed.
260 ## - PUBLICATION, DISTRIBUTION, ETC. (IMPRINT)
Place of publication, distribution, etc. Delhi :
Name of publisher, distributor, etc. Motilal Banarsidass,
Date of publication, distribution, etc. c1983
300 ## - PHYSICAL DESCRIPTION
Pagination xxxix, 1023 p. ;
Size 25 cm
490 1# - SERIES STATEMENT
Series statement Encyclopedia of Indian philosophies ;
Volume/sequential designation v. 1
650 #0 - SUBJECT ADDED ENTRY--TOPICAL TERM
Topical term or geographic name as entry element Philosophy
Chronological subdivision India
General subdivision Bibliography
9 (RLIN) 62222
700 1# - ADDED ENTRY--PERSONAL NAME
Personal name Potter, Karl H.
830 #0 - SERIES ADDED ENTRY--UNIFORM TITLE
Volume number/sequential designation v. 1
830 #0 - SERIES ADDED ENTRY--UNIFORM TITLE
Uniform title Encyclopedia of Indian philosophies ;
942 ## - ADDED ENTRY ELEMENTS (KOHA)
Source of classification or shelving scheme Dewey Decimal Classification
Koha item type Books
Holdings
Lost status Source of classification or shelving scheme Damaged status Not for loan Collection code Permanent Location Current Location Shelving location Date acquired Source of acquisition Total Checkouts Full call number Date last seen Copy number Koha item type Cost, normal purchase price
  Dewey Decimal Classification     Non-fiction Central Library, University of Rajshahi Central Library, University of Rajshahi   12/03/1984 Asia Fundation Gift   R 181.4 ENC V-1 1983 12/04/2014 C-5 Books  
  Dewey Decimal Classification     Non-fiction Central Library, University of Rajshahi Central Library, University of Rajshahi   12/03/1984 Tulip Enterprise, Dhaka.   R 181.4 ENC V-1 1983 12/04/2014 C-6 Books 400.00